000 00809nam a22002177a 4500
003 0
005 20250129101243.0
008 150827b xxu||||| |||| 00| 0 eng d
050 _aPGS LC 225.3
_b.B517 2015
100 _aBernabe, Mikaella R.
245 _aParental involvement and good manners program /
_cMikaella R. Bernabe.
260 _aLas PiƱas City, Philippines :
_bSouthville International School and Colleges,
_c2015.
300 _a20 p. :
_bill. ;
_c28 cm.
_fPASS
504 _aIncludes bibliographical references.
650 _2Library of Congress Subject Headings
_aParental involvement in education.
650 _2Library of Congress Subject Headings
_aMoral education.
650 _aHome and school.
650 _aChild development.
650 _aGrade 6 (Education).
942 _2lcc
_cPASS
999 _c288532
_d288532